000 00507nam a22001577a 4500
999 _c10490
_d10490
003 GBCCL
005 20241126110733.0
008 240814b ||||| |||| 00| 0 eng d
040 _cgbc
082 _aARC GBC-2023
_bPHU
100 _aPhungminthang, S
_918264
245 _aAn exegetical study of the phrase "ἐν Χριστῷ "from Paul's writing with special emphasis on Ephesians 1: 3&4 ; and 4:32
260 _aNew Lamka :
_bGrace Bible college,
_c2023
300 _a47p. ;
_c28cm
942 _2ddc
_cTH